Artificial intelligence tools, techniques and applications
| Main Author: | |
|---|---|
| Other Authors: | |
| Format: | Book |
| Published: |
New York :
Harper & Req ,
1984
|
| Subjects: |
MARC
| LEADER | 00000cam a2200000 7i4500 | ||
|---|---|---|---|
| 001 | 0000004185 | ||
| 005 | 20050422.0 | ||
| 020 | |a 006041894x | ||
| 040 | |a INS | ||
| 090 | 0 | 0 | |a Q335. |b A788 1984 |
| 100 | 1 | |a O'shea, Tim | |
| 245 | 1 | 0 | |a Artificial intelligence tools, techniques and applications |c Tim O'shea |
| 260 | |a New York : |b Harper & Req , |c 1984 | ||
| 300 | |a 497p. ; |c 23 cm. | ||
| 650 | 0 | 0 | |a Artificial intelligence |
| 700 | 1 | |a Eisenstadt, Marc | |
| 999 | |a 0000003743 |b BOOK |c Open Shelf |e Default branch | ||